00393pab a2200145 454500008004000000100001700040245007100057260000900128300001300137362001200150650002600162650002300188650001500211773002100226180718b2003 xxu||||| |||| 00| 0 eng d aJha, Praveen aIssues relating to employment in India in the era of globalisation c2003 ap.47-65. aNov-Dec aGlobalization - India aEmployment - India aEmployment aSocial Scientist